Statistics for 2008 Boston Celtics Roster

Click here to take the quiz!

General Stats

  • This quiz has been taken 221 times
  • The average score is 9 of 15

Answer Stats

Number Player % Correct
5Kevin Garnett
100%
34Paul Pierce
99%
20Ray Allen
97%
42Tony Allen
97%
9Rajon Rondo
95%
43Kendrick Perkins
77%
11Glen Davis
57%
44Brian Scalabrine
51%
0Leon Powe
43%
50Eddie House
39%
28Sam Cassell
36%
41James Posey
36%
93P.J. Brown
30%
66Scot Pollard
19%
13Gabe Pruitt
13%

Score Distribution

Percentile by Number Answered

Percent of People with Each Score

Your Score History

You have not taken this quiz